000 00811nam0a22002531 4500
001 rc\3742704
005 20250610110536.0
021 _aRU
_b[72-53031]
035 _a(NLR Aleph) 007870931
090 _a7857040
_c7857040
100 _a20130115d1972 |||y0rusy50 ca
101 0 _arus
102 _aRU
105 _aa z |||||
200 1 _aТвори, выдумывай, пробуй
210 _aЭлиста
_cКалм. кн. изд-во
_d1972
215 _a53 с., 2 л. табл.
_cил.
_d20
606 _aИзобретательство и рационализация
_yКалмыцкая АССР
_2psbo
700 1 _aСаксыков
_bВ.А.
_gВладимир Анджеевич
801 0 _aRU
_bNLR
_gpsbo
801 1 _aRU
_bELAR
_2rusmarc
852 _aNLR
_j72-4/18555
942 _cBOOK
980 _aNB